Pays frontières de l'Allemagne : - Statistiques

Statistiques générales
  • Ce quiz a été pris 186 fois
  • Le résultat moyen est 9 sur 9
Statistiques - réponses
Hint Réponse % Correct
4 : France
100%
9 : Suisse
99%
6 : Pays-Bas
97%
7 : Pologne
97%
1 : Autriche
96%
2 : Belgique
96%
3 : Danemark
95%
5 : Luxembourg
94%
8 : République Tchèque
91%
Aucun quiz correspondant
Distribution des résultats
% des personnes avec chaque résultat
Percentile par nombre de réponses
Votre historique - résultats
Vous n’avez pas pris ce quiz